|
|
|
|
| LEADER |
02442nam a2200661 i 4500 |
| 001 |
nkc20253720052 |
| 003 |
CZ PrNK |
| 005 |
20260114123919.0 |
| 007 |
ta |
| 008 |
251112s2025 xr ac e 000 0ceng |
| 015 |
|
|
|a cnb003720052
|
| 020 |
|
|
|a 978-80-7673-127-1
|q (vázáno)
|
| 035 |
|
|
|a (OCoLC)1572323718
|
| 040 |
|
|
|a BOA001
|b cze
|d OLA001
|e rda
|
| 041 |
1 |
|
|a eng
|h cze
|
| 043 |
|
|
|a e-xr---
|
| 045 |
|
|
|a x-y-
|
| 072 |
|
7 |
|a 55
|x Vědy o Zemi. Geologické vědy
|2 Konspekt
|9 7
|
| 072 |
|
7 |
|a 929
|x Biografie
|2 Konspekt
|9 8
|
| 080 |
|
|
|a 001-055.2
|2 MRF
|
| 080 |
|
|
|a 55-055.2
|2 MRF
|
| 080 |
|
|
|a 56-055.2
|2 MRF
|
| 080 |
|
|
|a 55
|2 MRF
|
| 080 |
|
|
|a 929
|2 MRF
|
| 080 |
|
|
|a (437.3)
|2 MRF
|
| 080 |
|
|
|a (0:82-94)
|2 MRF
|
| 080 |
|
|
|a (047.53)
|2 MRF
|
| 100 |
1 |
|
|a Petáková, Zdeňka,
|d 1964-
|7 jo2004232776
|4 aut
|
| 240 |
1 |
0 |
|a Jak se stát geoložkou?.
|l Anglicky
|7 aun20251283174
|
| 245 |
1 |
0 |
|a Women in geology - how to become a geologist? /
|c Zdeňka Petáková ; illustrations by Anne Dostálová ; translation by Robert Alger
|
| 250 |
|
|
|a 1st edition
|
| 264 |
|
1 |
|a Prague :
|b Czech Geological Survey,
|c 2025
|
| 300 |
|
|
|a 99 stran :
|b ilustrace (převážně barevné), portréty ;
|c 23 x 31 cm
|
| 336 |
|
|
|a text
|b txt
|2 rdacontent
|
| 337 |
|
|
|a bez média
|b n
|2 rdamedia
|
| 338 |
|
|
|a svazek
|b nc
|2 rdacarrier
|
| 500 |
|
|
|a Přeloženo z češtiny
|
| 648 |
|
7 |
|a 20.-21. století
|7 ch462155
|2 czenas
|
| 650 |
0 |
7 |
|a ženy ve vědě
|7 ph127979
|z Česko
|y 20.-21. století
|2 czenas
|
| 650 |
0 |
7 |
|a geoložky
|7 ph895138
|z Česko
|y 20.-21. století
|2 czenas
|
| 650 |
0 |
7 |
|a paleontoložky
|7 ph719255
|z Česko
|y 20.-21. století
|2 czenas
|
| 650 |
0 |
7 |
|a vědy o Zemi
|7 ph127381
|2 czenas
|
| 650 |
0 |
9 |
|a women in science
|z Czechia
|y 20th-21st centuries
|2 eczenas
|
| 650 |
0 |
9 |
|a women geologists
|z Czechia
|y 20th-21st centuries
|2 eczenas
|
| 650 |
0 |
9 |
|a women paleontologists
|z Czechia
|y 20th-21st centuries
|2 eczenas
|
| 650 |
0 |
9 |
|a Earth science
|2 eczenas
|
| 655 |
|
7 |
|a medailony
|7 fd185951
|2 czenas
|
| 655 |
|
7 |
|a rozhovory
|7 fd133303
|2 czenas
|
| 655 |
|
9 |
|a biographical portraits
|2 eczenas
|
| 655 |
|
9 |
|a interviews
|2 eczenas
|
| 700 |
1 |
|
|a Dostálová, Anne,
|d 1968-
|7 xx0074741
|4 ill
|
| 700 |
1 |
|
|a Alger, Robert
|4 trl
|
| 910 |
2 |
|
|a BOA001
|b 4-1554.165
|
| 928 |
9 |
|
|a Česká geologická služba
|
| 990 |
|
|
|a BK
|
| 995 |
|
|
|a 01
|
| 991 |
|
|
|b 202512
|c NOV
|
| 996 |
6 |
|
|b 2611018892
|c 4-1554.165
|l MZK
|r Sklad / do 1 hodiny
|n 0
|p p.v.
|w 002026255
|u 000010
|a 1
|e BOA001
|j MZK50
|s P
|